Estatísticas para Equipes da LaLiga 1|2|3 em 2019/20

Clique aqui para jogar o quiz

Estatísticas Gerais

  • Esse quiz foi jogado 13 vezes
  • A pontuação média é 13 de 22

Estatísticas das Respostas

CidadeEstádioEquipe% Correto
Albacete, Castela-ManchaCarlos BelmonteAlbacete
92%
Las Palmas, I. CanáriasGran CanariaLas Palmas
92%
Girona, CatalunhaMontliviGirona
85%
Málaga, AndaluziaLa RosaledaMálaga
85%
Huesca, AragãoEl AlcorazHuesca
77%
Lugo, GalizaAnxo CarroLugo
77%
Almeria, Andaluziade los Jgs. MediterráneosAlmería
77%
Elche, Com. ValencianaManuel Martínez ValeroElche
77%
Oviedo, AstúriasCarlos TartiereReal Oviedo
69%
Santander, CantábriaEl SardineroRacing Club Santander
69%
Gijón, AstúriasEl MolinónSporting Gijón
69%
Sta.Cz. de Tenerife, I.CanáriasHeliodoro R. LópezTenerife
69%
Saragoça, AragãoLa RomaredaZaragoza
62%
Fuenlabrada, MadriFernando TorresFuenlabrada
54%
Cádis, AmdaluziaRamón de CarranzaCádiz
54%
Alcorón, MadriMunicipal Santo DomingoAlcorón
54%
Miranda de Ebro, Cast. e LeãoAnduvaMirandés
46%
Corunha, GalizaRiazorLa Coruña
38%
Madri, MadriVallecasRayo Vallecano
38%
Almendralejo, EstremaduraFrancisco de la HeraExtremadura
23%
Sória, Castela e LeãoNuevo Los PajaritosNumancia
15%
Ponferrada, Castela e LeãoEl ToralínPonferradina
15%

Distribuição das Pontuações

Percentil de Números Respondidos

Porcentagem de Pessoas com Cada Pontuação

Sua Pontuação Histórica

Você não jogou esse quiz